| 000 | 00436cam a22001217a 4500 | ||
|---|---|---|---|
| 008 | 180718b1957 xxu||||| |||| 00| 0 eng d | ||
| 082 | _aT478 Am88 | ||
| 245 |
_aManagement of direct investment in less developed countries _cby Amsterdam University. Foundation for Economic Research |
||
| 260 |
_aLeiden _bKroese _c1957 |
||
| 300 | _a238p. | ||
| 650 | _aForeign Investments | ||
| 700 | _aAmsterdam University. Foundation for Economic Research | ||
| 999 |
_c478066 _d478066 |
||